| 000 | 00715cam a22002294a 4500 | ||
|---|---|---|---|
| 001 | 12228906 | ||
| 005 | 20180814071529.0 | ||
| 008 | 001109s2001 caua 001 0 eng | ||
| 010 | _a 00065587 | ||
| 020 | _a0805373934 (pbk. : alk. paper) | ||
| 040 |
_aDLC _cDLC _dDLC |
||
| 041 | _aeng | ||
| 042 | _apcc | ||
| 080 | _a570 | ||
| 082 | 0 | 0 |
_a570 _221 |
| 100 | 1 | _a12 | |
| 101 | _aBIO | ||
| 245 | 1 | 0 |
_aEssential biology / _cNeil A. Campbell, Jane B. Reece. |
| 906 |
_a7 _bcbc _corignew _d1 _eocip _f20 _gy-gencatlg |
||
| 942 |
_2ddc _cBK |
||
| 999 |
_c47135 _d47135 |
||